| 000 | 02122nam a2200517 c 4500 | ||
|---|---|---|---|
| 999 |
_c6043 _d6043 |
||
| 001 | 6043 | ||
| 003 | ES-MaCES | ||
| 005 | 20190701140301.0 | ||
| 008 | 971112s1997 sp o ||| | spa d | ||
| 017 |
_aM 11214-1997 _bDL |
||
| 020 | _a8481880507 (v. II, 2ª parte) | ||
| 020 | _a8481880116 (o.c.). | ||
| 035 | _aCES19980060938m | ||
| 040 |
_aES-MaCES _bspa _cES-MaCES |
||
| 100 | 1 |
_aMartínez Quinteiro, Esther _917904 |
|
| 245 | 1 | 3 |
_aLas relaciones entre España y la Organización Internacional del Trabajo _n: (1969-1975). Volumen II (segunda parte), La denuncia del sindicato vertical : el debate internacional sobre la violación del derecho de libertad sindical en el franquismo _cEsther Martínez Quinteiro |
| 250 | _a1ª ed | ||
| 260 |
_aMadrid _bConsejo Económico y Social _c1997 |
||
| 300 |
_a740 p. _bfot. bl. y n. _c23 cm |
||
| 490 | 1 |
_aColección Estudios _v46 |
|
| 500 | _a2º v., 2ª parte, de la obra colectiva: Historia de las relaciones entre España y la OIT (1919-1994), ed. con motivo de la celebración de su 75 aniversario | ||
| 500 | _aEl 2º subtít. corresponde al subtít. de la cubierta | ||
| 504 | _aBibliografía: p. 407-414. Indices | ||
| 541 | _cGratuito | ||
| 650 | 4 |
_asindicalismo _929453 |
|
| 650 | 4 |
_aderechos sindicales _929470 |
|
| 650 | 4 |
_alibertad sindical _927177 |
|
| 650 | 4 |
_amovimiento obrero _928368 |
|
| 650 | 4 |
_aintervención estatal _929380 |
|
| 650 | 4 |
_aOIT _926720 |
|
| 650 | 4 |
_apapel de la OIT _929112 |
|
| 650 | 4 |
_aEspaña _926964 |
|
| 650 | 4 |
_a1969-1975 _931259 |
|
| 650 | 4 |
_aConferencia Internacional del Trabajo _929037 |
|
| 650 | 4 |
_arelaciones interinstitucionales _930832 |
|
| 650 | 4 |
_ahistoria _927251 |
|
| 650 | 4 |
_928377 _asindicato |
|
| 650 | 4 |
_929023 _aCIOSL |
|
| 653 | 1 | 0 | _aRelaciones laborales-Empleo |
| 710 | 2 |
_aConsejo Económico y Social (España) _eed. _92408 |
|
| 740 | 0 | 2 | _aHistoria de las relaciones entre España y la OIT (1919-1994) |
| 830 | 0 |
_aColección Estudios (Consejo Económico y Social (España)) _v46 _932341 |
|
| 902 | _aLIB Libro | ||
| 942 |
_2CES _cBK _h2.0. |
||